Yemen First Level Subdivisions - Statistics

General Stats
  • This quiz has been taken 183 times
  • The average score is 9 of 22
Answer Stats
Muhāfazāt % Correct
Sana'a
93%
Aden
75%
Hadramaut
54%
Taiz
48%
Socotra
46%
Ibb
45%
Abyan
39%
Al Jawf
39%
Al Mahrah
39%
Hajjah
38%
'Amran
36%
Ma'rib
36%
Dhamar
32%
Sa'dah
32%
Al Hudaydah
30%
Shabwah
29%
Al Bayda
27%
Al Mahwit
27%
Lahij
27%
Raymah
25%
Amanat Al Asimah
21%
Dhale
21%
No matching quizzes found
Score Distribution
Percent of People with Each Score
Percentile by Number Answered
Your Score History
You have not taken this quiz